000
00269nam a2200109Ia 4500
008
220204s9999 xx 000 0 und d
082
_a
65(035)
_b
MOR
100
_a
R S
245
0
_a
Handbook for manufacturing enterpreneurs
260
_a
Ohio
_b
Western
_c
1973
942
_c
BK
999
_c
28093
_d
28093